000
00259nam a2200109Ia 4500
008
220204s9999 xx 000 0 und d
082
_a
82-3
_b
ROB
100
_a
Robins, Denise
245
4
_a
The Enduring flame
260
_a
London
_b
Mayflower
_c
1978
942
_c
BK
999
_c
32171
_d
32171